Educación y revolución social en México.

Збережено в:
Бібліографічні деталі
Автор: Raby, David L. (autor)
Інші автори: Taracena, Berta (autor) (autor), Peláez, Antonio (autor) (autor)
Формат: Книга
Мова:Іспанська
Серія:(Sepsetentas ; no. 141)
Предмети:
Теги: Додати тег
Немає тегів, Будьте першим, хто поставить тег для цього запису!

MARC

LEADER 00000cam^a2200000uu^4500
001 000470854
005 20250521000000.0
008 050901s1974^^^^^^^^^^^^rd^r^^000^0^spa^d
009 20260310124610.988
035 |a FCE 000013642 
035 |a FCE 002320 
037 |a Acervo ITESO - Biblioteca 
041 |a spa 
082 0 4 |a 082.1  |b SEP 141 
100 |a Raby, David L.  |e (autor) 
245 1 0 |a Educación y revolución social en México. 
264 |a México :  |b SEP,  |c 1974. 
300 |a 254 p. 
336 |a texto  |b txt  |2 rdacontenido 
337 |a sin mediación  |b n  |2 rdamedio 
338 |a volumen  |b nc  |2 rdasoporte 
440 0 |a (Sepsetentas ;  |v no. 141) 
649 |a XX 
650 |a Programa de educación 
650 |a Sistema educativo 
650 |a Educación rural 
650 |a Reforma de la educación 
650 |a Educación comunista 
650 |a Maestro de escuela rural 
650 |a Políticas de educación 
700 |a Taracena, Berta  |e (autor) 
700 |a Peláez, Antonio  |e (autor) 
910 |a Fondo Centro de Estudios Educativos 
920 |a Impresos - Libros 
930 |a Fondos Especiales 
905 |a 133 
901 |a ALE002320  |b IT2  |c CEE  |u 20250521 
902 |a https://opac.biblio.iteso.mx/vufind/Record/000470854